| 000 | 00815nam a2200253Ia 4500 | ||
|---|---|---|---|
| 999 |
_c53755 _d53755 |
||
| 001 | 20803 | ||
| 003 | GE_BSU | ||
| 005 | 20221122123305.0 | ||
| 008 | 181216s5015||||enk|||||||||||||| ||eng|| | ||
| 020 | _a9781137517227x | ||
| 040 | _cGE_BSU | ||
| 041 | _aeng | ||
| 080 | _a327(4) B-56 | ||
| 100 |
_aBickerton, Christopher J. _911405 |
||
| 245 |
_aEuropean Union Foreign Policy : _bFrom Effectiveness to Functionality / _cChristopher J. Bickerton. |
||
| 264 |
_aNew York : _bpalgrave macmillan, _c2015. |
||
| 300 |
_a176 p.; _e22 cm. |
||
| 500 | _abibl. :p.137-172 ; Index. :p.173-176 | ||
| 541 | _h99gel. | ||
| 653 | _aEuropean Union Foreign Policy | ||
| 653 | _aევროკავშირის საგარეო პოლიტიკა | ||
| 653 | _aპოლიტიკა | ||
| 942 |
_cBK _2udc |
||